00457nam a2200157Ia 4500008004100000020001500041082001600056100002600072245003200098250000700130260004000137300003200177500001900209600002100228650005000249240925s9999 xx 000 0 und d a8176356247 a005.133 PET aPetroutsos, Evangelos 0aMastering Visual Basic.Net  aNA aNew Delhi:bBPB Publicationc,2002. axxxiii,1000p.bNAfOriginal aIncludes Index aComputer Science aComputer science, information & general works